00792 2200265 4500001002100000005001700021008004100038020001800079035002400097082001200121090002400133100001500157245011200172250001000284260002700294300002800321500006600349650002100415700002600436850001200462980001300474985000600487986001200493999002100505YOGYA-0209000004567020090227030915.0 ind  a979-763-506-6 0010-020900000045670 a006.696 a006.969bDwi TlDEP aDWI ASTUTI aTeknik membuat animasi profesional menggunakan macromedia flash 8cDwi Astuti; editor, Renati Winong Rosari aEd. 1 aYogyakartabAndic2006 ax, 278 hlmbilusc21 cm aDiterbitkan atas kerjasama dengan Smit Dev community Semarang aAnimasi Komputer aRosari, Renati Winong aYOPDYOG a10-03-07 a1 aIndah.P a2006-241hCB-D.11